000 00601nam a2200241Ia 4500
005 20250425162537.0
008 250425s9999 xx 000 0 und d
020 _a1580533485
041 _aeng
043 _axxu
082 _a005.8
100 _aOPPLIGER, ROLF
245 0 _aSECURITY TECHNOLOGIES FOR THE WORLD WIDE WEB
250 _a2ND ED.
260 _aBOSTON
260 _aEstados Unidos
_bARTECH HOUSE
_c2003
300 _a416
500 _aINCLUYE UN INDICE DE ABREVIATURAS Y SIGLAS
650 _aTECNOLOGIA DE LA SEGURIDAD
650 _aWEB
942 _c01
010 _a84532
999 _c231389
_d231389